[Event "129th New Zealand Championship 2022"]
[Site "Christchurch"]
[Date "2022.01.06"]
[Round "5.7"]
[White "Metge, J. Nigel"]
[Black "Winter, Ryan"]
[Result "0-1"]
[WhiteElo "1879"]
[BlackElo "2006"]
[Annotator "TA"]
[PlyCount "91"]
[EventDate "2022.01.02"]
[EventType "swiss"]
[EventCountry "NZL"]

{[%evp 9,91,5,12,0,0,-93,-41,-29,4,-18,-30,-22,-19,-13,0,0,0,-23,-18,-22,-10,-37,-26,-29,-27,-41,-37,-43,-47,-37,-39,-37,-32,-35,-30,-28,-33,-157,-169,-148,-150,-203,-204,-195,-201,-195,-175,-200,-189,-186,-166,-235,-208,-244,-237,-241,-178,-224,-239,-417,-406,-395,-391,-425,-338,-347,-338,-629,-575,-2507,-2241,-2483,-505,-2468,-2263,-2342,-2454,-2269,-1346,-6302,-6283,-6302,-6302,-2483]} 1. d4 Nf6 2. c4 e6 3. Nc3 Bb4 4. e3 d5 5. Bd3 e5 6. Qa4+ {E40: Nimzo-Indian: Rubinstein (4 e3): Unusual Black 4th moves.} Nc6 {[%cal Bb8c6,Bc6e5,Be5f3][%mdl 32]} 7. dxe5 {[#]} (7. Nge2 $11 {keeps the balance.}) 7... dxc4 $1 8. Bxc4 $15 {Black is slightly better.} Nd5 {[#]} (8... Ne4 $5 {[%cal Re4c3]} 9. Qb3 Nc5 10. Bxf7+ Ke7 $17) 9. Bd2 $146 ({Predecessor:} 9. Bxd5 Bxc3+ 10. bxc3 Qxd5 11. Nf3 O-O 12. O-O Nxe5 13. Nxe5 Qxe5 14. Rb1 b6 15. Qd4 {0-1 (33) Pecurica,M (2331)-Tomic,A (2327) Podgorica 2021}) 9... Nb6 {[%csl LRa4,LRc4]} 10. Qb3 Nxc4 11. Qxc4 {[#]} Nxe5 $1 12. Qe4 Qe7 13. Nf3 ({Of course not} 13. Nd5 Bxd2+ 14. Kxd2 {[#]} Bf5 $1 15. Qa4+ (15. Qxf5 Rd8 $17) 15... Bd7 $15) 13... Nxf3+ 14. Qxf3 c6 15. O-O Be6 16. Rfd1 O-O 17. Be1 Rfd8 18. Rxd8+ Rxd8 19. Rd1 h6 20. h3 Rd7 21. Qe2 Qd8 (21... Bxc3 {is interesting.} 22. Rxd7 Qxd7 23. Bxc3 Bxa2 24. b4 Bd5) 22. Rxd7 Qxd7 23. Qd2 {Black continues to play with concentration.} (23. a3 $15 Be7 24. f3) 23... Qxd2 $17 {Black is more active.} 24. Bxd2 Bxa2 25. Nxa2 (25. e4 $17) 25... Bxd2 {[%mdl 4096] Endgame KB-KN} 26. Kf1 Ba5 27. Ke2 Kf8 28. Kd3 Ke7 29. Nc1 Bc7 30. Kc4 (30. f4 $142) 30... Kd7 31. Nd3 b5+ 32. Kd4 f6 33. h4 (33. b3 {only move.}) 33... a5 $19 {[%cal Ba7a5,Ba5a4][%mdl 32]} 34. h5 $2 (34. Nc5+ Ke7 35. Kd3) 34... a4 35. Nc5+ Ke7 {Threatens to win with ...Bb6.} 36. Nd3 Bd6 37. f3 Ke6 38. e4 $2 (38. Kc3) 38... Be5+ {Black is clearly winning.} 39. Nxe5 fxe5+ {KP-KP} 40. Kc5 Kf6 ({Inferior is} 40... Kd7 41. g3 $19) (40... Ke7 $142 41. Kb4 Kd7) 41. g3 (41. Kd6 $142 b4 42. f4 exf4 43. e5+ Kg5 44. e6) 41... Ke6 42. f4 Ke7 43. Kb4 Kd6 44. Kc3 Kc5 45. fxe5 Kb6 46. Kd4 {Weighted Error Value: White=0.81/Black=0.28 (precise)} 0-1

[Event "129th New Zealand Championship 2022"]
[Site "Christchurch"]
[Date "2022.01.06"]
[Round "5.8"]
[White "Rains, Edward"]
[Black "Ning, Isabelle Yixuan"]
[Result "1/2-1/2"]
[WhiteElo "2004"]
[BlackElo "1796"]
[Annotator "TA"]
[PlyCount "163"]
[EventDate "2022.01.02"]
[EventType "swiss"]
[EventCountry "NZL"]
[SourceTitle "playchess.com"]
[Source "ChessBase"]
[SourceQuality "1"]

{[%evp 10,163,0,0,0,0,0,0,23,8,34,30,35,33,33,9,42,33,18,-38,-11,-13,12,19,42,0,0,0,0,0,0,0,0,0,0,0,555,592,585,573,539,560,529,482,470,481,470,473,485,458,477,453,470,-283,0,0,0,0,0,0,0,3,59,75,69,81,72,0,0,0,0,0,0,-72,-75,-188,-25,-31,-32,-156,-144,-182,-138,-137,-133,-136,-140,-136,-122,-127,-135,-249,-231,-220,-121,-123,-86,-77,-76,-73,-13,-69,-13,-87,-60,-58,0,0,0,-13,0,-15,0,-104,-15,-38,-15,-15,0,-4,0,0,0,-24,0,0,0,0,0,0,0,0,0,0,0,0,0,0,0,0,0,0,0,0,0,0,0,0,0,0,0,0,0,0,0,0]} 1. e4 c5 2. Be2 d6 3. f4 Nc6 4. d3 g6 5. Nf3 Bg7 6. O-O e6 {B21: Sicilian: 2 f4 and Morra Gambit.} 7. c3 $1 Nge7 8. Be3 {[%cal Bc1e3,Be3f2,Bf2h4][%mdl 32]} b6 9. d4 cxd4 10. cxd4 O-O 11. Nc3 Bb7 {[#]} 12. Bf2 $146 ({Predecessor:} 12. Rc1 Rc8 13. a3 a6 14. b4 b5 15. Qb3 Nb8 16. Bd3 Nd7 17. a4 bxa4 18. Nxa4 {1-0 (79) Kovalev,V (2648)-Vetokhin,S (2349) Chess.com INT 2020}) 12... Rc8 13. Bh4 Qd7 14. Qa4 {To avoid a6} (14. Re1 $11) 14... Rfe8 {[%cal Oa7a6]} 15. Rfe1 Qc7 (15... a6 $5) 16. Rac1 Qb8 17. Bb5 (17. Bf2 $14 {is more appropriate.}) 17... a6 $1 $11 18. Bxa6 Bxa6 19. Qxa6 Nxd4 20. Bxe7 Nxf3+ 21. gxf3 {[%cal Oc3b5]} Bd4+ 22. Kg2 Rxe7 {[%mdl 8192] [#]} (22... Bxc3 $11 23. Rxc3 Rxc3 24. bxc3 Rxe7) 23. Nd5 $1 $18 {[%cal Bc3d5,Bd5e7,Be7c8][%mdl 544]} Rec7 {[#]} 24. Ne7+ $1 {[%mdl 512]} Kg7 25. Nxc8 Bc5 26. b4 Bxb4 27. Rxc7 Qxc7 28. Re2 Bc5 29. e5 dxe5 30. fxe5 Qd8 31. f4 {[%mdl 8192] To avoid Qg5+} (31. Re1 $18 {is the narrow road to win.}) 31... Qd1 $2 ({Black should play} 31... Qd5+ $1 $19 32. Kg3 b5) 32. Qc4 Qg1+ 33. Kf3 Qf1+ 34. Ke4 {aiming for Nd6.} Qh1+ 35. Kd3 {And now Kc2 would win.} Qd1+ (35... Qb1+ $1 $11 36. Kc3 (36. Kd2 Bb4+ 37. Ke3 Qg1+ 38. Kd3 Qd1+ 39. Ke4 Qh1+ 40. Ke3 Qg1+ 41. Kf3 Qf1+ 42. Ke4 Qh1+ 43. Kd3 Qd1+ 44. Ke4 Qh1+ $11) 36... Qc1+ 37. Kb3 Qb1+ 38. Rb2 (38. Ka4 Qd1+ 39. Rc2 Qd7+ 40. Kb3 Qxc8 $11) 38... Qd1+ 39. Rc2 Qf3+ 40. Rc3 Qd1+ 41. Rc2 Qf3+ 42. Rc3 Qd1+ 43. Rc2) 36. Kc3 $14 {[%cal Oc8d6]} (36. Ke4 b5 37. Qd3 (37. Qxc5 Qxe2+ 38. Qe3 Qc4+ 39. Qd4 Qxc8 $17) 37... Qh1+ 38. Qf3 Qb1+ 39. Qd3 Qh1+ 40. Qf3 Qb1+ 41. Qd3 Qh1+ $11) 36... Qc1+ (36... b5 37. Qxc5 (37. Qxb5 Qc1+ 38. Rc2 Bd4+ 39. Kxd4 Qxc2 $16) 37... Qxe2 38. Nd6 $16) 37. Kb3 Qb1+ 38. Ka4 (38. Rb2 $16 Qd1+ 39. Rc2 Qf3+ 40. Rc3 Qd1+ 41. Kb2 (41. Rc2 Qf3+ 42. Rc3 Qd1+ 43. Rc2 $14)) 38... Qd1+ $11 39. Rc2 Qd7+ 40. Qb5 Qxc8 {[%mdl 4096] Endgame KQR-KQB} 41. Kb3 (41. Qxb6 $1 $11 Qa8+ 42. Qa5 Qe4+ 43. Kb3 Qb7+ 44. Ka4 Qe4+ 45. Kb3 Qd3+ 46. Rc3 Qb1+ 47. Kc4) 41... Qa8 $17 42. Qa4 {Inhibits Qa3+.} (42. Rxc5 $17 bxc5 43. Qxc5) 42... Qd5+ $2 (42... Qf3+ $1 $19 43. Rc3 (43. Kb2 $2 b5 $17) 43... Qd1+ 44. Rc2 Qd3+ 45. Rc3 Qd1+ 46. Rc2 Bd4) 43. Qc4 $1 $11 (43. Kb2 $2 Bd4+ 44. Ka3 Bc5+ 45. Kb2 Bd4+ 46. Ka3 Qf3+ 47. Kb4 Qxf4 $19) 43... Qf3+ 44. Qc3 (44. Ka4 $15) 44... Qxf4 $17 45. Re2 Qf1 (45... Bd4 $19 46. Qc4 Qf1 $1) 46. Qd3 Qc1 47. Rb2 Qf4 48. Re2 Qb4+ 49. Kc2 Bd4 {Strongly threatening ...Qb2+.} 50. Qe4 (50. Kd1 $17) 50... Qc3+ 51. Kd1 Bc5 ({Better is} 51... Qa1+ $19 52. Kc2 h6) 52. Rc2 Qh3 53. Qf4 {[#]} Qd3+ $1 54. Rd2 Qb1+ 55. Ke2 Qb5+ ({But not} 55... Bb4 56. Qf6+ (56. Rd7 $2 Qe1+ 57. Kd3 Qc3+ 58. Ke2 Qe1+ 59. Kd3 Qd1+ 60. Kc4 Qxd7 $19) 56... Kh6 57. Qh4+ Kg7 58. Qf6+ Kg8 59. Rd8+ Bf8 60. Rxf8+ Kxf8 61. Qd8+ Kg7 62. Qf6+ Kh6 63. Qh4+ Kg7 64. Qf6+ Kh6 65. Qh4+ Kg7 66. Qf6+ $11) (55... Be7 $1 $15) 56. Rd3 (56. Kf3 $11 {remains equal.}) 56... Be7 57. a4 Qc6 ({Black should try} 57... Qa6 $15) 58. Rf3 $11 {The board is on fire. Active counter play!} Qe8 59. Rb3 Qd8 60. Rd3 Qc8 61. Kf1 {[#]} (61. Rf3 $11 {keeps the balance.} Qe8 62. Qe4) 61... Qa6 (61... g5 $1 $17 {[%cal Rg5f4]} 62. Rg3 Qc2) 62. Ke2 Qb7 {To avoid Qe4. Hoping for ...Qg2+.} 63. Rf3 Bd8 64. Kf2 Qa7 65. Kg2 Qb7 66. Kh3 g5 67. Qg4 $1 {The position is equal.} Qd5 68. Qh5 Qd7 69. Kg3 h6 {...Bc7 is the strong threat.} 70. h4 Qc7 {White must now prevent ...f5.} 71. Kh3 Qd7 72. Kg2 gxh4 73. Rf2 Bg5 74. Qf3 Qe7 75. Rf1 Qc7 76. Rf2 Qe7 (76... Qxe5 77. Qxf7+ Kh8 78. Qe8+ Kh7 79. Rf7+ Qg7 80. Rxg7+ Kxg7 81. Qxe6) 77. Kh3 Qd7 78. Rf1 Qa7 79. Qf2 {[%cal Oa4a5] Threatens to win with a5!} Qc7 80. Qf3 Qd7 (80... Qxe5 {leads to mate.} 81. Qxf7+ Kh8 82. Qe8+ Kh7 83. Rf7+ Kg6 84. Rf8+ Kh7 85. Qd7+) 81. Rf2 Qa7 82. Rf1 {Quite a comeback for White.  Weighted Error Value: White=0.27 (precise) /Black=0.39} 1/2-1/2

[Event "129th New Zealand Championship 2022"]
[Site "Christchurch"]
[Date "2022.01.06"]
[Round "5.9"]
[White "Punsalan, Vyanla M"]
[Black "Cummings, Nick"]
[Result "1/2-1/2"]
[WhiteElo "1945"]
[BlackElo "2032"]
[Annotator "TA"]
[PlyCount "46"]
[EventDate "2022.01.02"]
[EventType "swiss"]
[EventCountry "NZL"]

{[%evp 10,46,36,33,27,27,35,13,12,9,75,-10,-6,-11,-14,-14,-12,-17,-13,-12,-5,-27,-21,-30,-20,-44,-46,-79,-73,-57,-60,-108,-60,-76,-45,-81,0,-75,-5]} 1. e4 c5 2. c3 d5 3. exd5 Qxd5 4. d4 Nc6 5. Nf3 Bf5 6. Be3 Nf6 {6...cxd4 might become the main line. B22: Sicilian: 2 c3.} 7. Na3 cxd4 8. Nb5 {[#] Nc7+ is the strong threat.} O-O-O {Inhibits Nc7. The position is equal.} 9. Nbxd4 Nxd4 (9... Ng4 $11 {keeps the balance.}) 10. Nxd4 ({Better is} 10. Qxd4 $16 Qxd4 11. Bxd4 (11. Nxd4 Bg6 $11)) 10... Ng4 $11 {[#]} 11. Qf3 $146 ({Predecessor:} 11. Nxf5 Qxf5 12. Qc1 Qe4 13. h3 Nxe3 14. Qxe3 Qxe3+ 15. fxe3 e6 16. Bc4 Bc5 17. Rf1 {½-½ (26) Perez Garcia,A (2137)-Vilalta Vidal,J (2009) Barcelona 2018}) 11... Qxf3 12. gxf3 Nxe3 13. fxe3 Bd7 14. f4 e6 15. Rg1 g6 16. O-O-O a6 17. b4 Bg7 18. Bg2 e5 19. fxe5 Bxe5 20. Rgf1 (20. h4 $15 {might be stronger.}) 20... f6 ({Black should play} 20... f5 $17 21. e4 fxe4) 21. Kb2 Rde8 22. Nb3 {[%cal Og2b7]} b6 ({Black should try} 22... Bb5 $17 23. Rf2 Re7) 23. Rf2 (23. Bb7+ $1 $11 Kxb7 24. Rxd7+ Kc8 25. Ra7) 23... Ba4 {Weighted Error Value: White=0.27 (precise) /Black=0.17 (very precise)} (23... Re7 $17) 1/2-1/2

[Event "129th New Zealand Championship 2022"]
[Site "Christchurch"]
[Date "2022.01.06"]
[Round "5.10"]
[White "Van Der Hoorn, Thomas"]
[Black "Gomes, Luiz Alexandre de So"]
[Result "1-0"]
[WhiteElo "1685"]
[BlackElo "2335"]
[Annotator "TA"]
[PlyCount "121"]
[EventDate "2022.01.02"]
[EventType "swiss"]
[EventCountry "NZL"]

{[%evp 21,120,25,21,18,42,45,30,0,41,22,16,27,30,0,0,-53,41,34,186,186,356,369,352,-254,568,583,567,575,556,558,552,549,990,986,1013,1019,947,652,645,597,634,622,593,469,485,456,562,388,387,367,383,392,354,227,429,438,420,425,408,408,502,518,593,579,562,508,427,419,533,546,415,500,610,597,12842,12843,12843,12843,12846,12847,12848,12848,12849,12847,12847,12847,12848,12847,12848,12848,12849,12849,12850,12850,29994,29995,29997,29998,29998,29999,29999]} 1. e4 c5 2. Nf3 {[%cal Bg1f3,Bf3d4,Bd4b5][%mdl 32]} Nc6 3. d4 cxd4 4. Nxd4 e5 5. Nb5 d6 6. c4 Be7 7. N1c3 a6 8. Na3 f5 9. exf5 Bxf5 10. Bd3 Be6 11. O-O Nf6 12. Bg5 {B32: Sicilian: Löwenthal and Kalashnikov Variations.} Ng4 13. Bxe7 Qxe7 14. h3 {Strongly threatening Nd5. White has an edge.} (14. Nd5 $5 {[%cal Rd5e7]} Qd8 15. h3 $11) 14... Nh6 (14... Nf6 $11 {deserves consideration.}) 15. Nc2 O-O 16. Ne3 Nd4 {[%cal Oe6h3] [#]} 17. Ne2 $146 ({Predecessor:} 17. Qh5 Qf7 18. Qxf7+ Rxf7 19. Be4 Rc8 20. Bd5 Nhf5 21. Bxe6 Nxe6 22. b3 b5 23. Ne4 Nxe3 24. fxe3 Rxf1+ 25. Rxf1 {1-0 (54) Goessling,G (1959)-Peschlow,P (2225) Playchess.com INT 2020}) 17... Qh4 {[%cal Od4f3]} 18. Ng3 (18. Nxd4 $11 exd4 19. Nd5) 18... Bxh3 19. gxh3 $14 {Threatens to win with Qh5.} Qxh3 (19... Nf3+ $2 20. Kg2 $16) (19... Rf3 $1 $14 20. Kg2 Raf8) 20. Be4 $18 Rf4 $2 (20... Rad8 {was called for.} 21. Bg2 (21. Bxb7 $2 d5 $19) 21... Qh4 22. Bxb7 Kh8) 21. Bg2 (21. Bxb7 $2 Rh4 $1 {[%mdl 512]} 22. Re1 Qh2+ 23. Kf1 Rf8 $19) 21... Qh4 22. Qh5 {[%mdl 8192] Prevents Rg4.} ({Don't play} 22. Bxb7 Raf8 23. Ng2 Qf6 $18) (22. Bd5+ $18 Kh8 23. Ng2 (23. Bxb7 Rb8 $16)) 22... Qf6 $4 {[%mdl 8192] White leaves nothing to chance now.} (22... Qxh5 $19 {and all is fine.} 23. Bd5+ {[#]} (23. Nxh5 $2 {loses.} Ne2+ 24. Kh2 Rh4+ 25. Bh3 Rxh5 $19) 23... Qf7 $3 {[%mdl 512]} 24. Bxf7+ Kxf7) 23. Nd5 Qf8 24. Nxf4 Qxf4 25. Rae1 g6 26. Qh3 {Re4 is the strong threat.} Kh8 27. Re4 Qg5 28. Rh4 Kg7 29. Ne4 {Threatening mate with Qd7+.} Nf3+ 30. Qxf3 Qxh4 31. Nxd6 Rf8 32. Qg3 Qd4 33. Nxb7 Rf4 34. Qc3 Qxc3 35. bxc3 Rxc4 36. Rc1 Nf5 37. Na5 Nd4 $2 (37... Rg4) 38. Nxc4 Ne2+ 39. Kf1 Nxc1 40. Nxe5 Nxa2 41. c4 a5 42. c5 {aiming for c6.} Nb4 43. Bb7 a4 {Hoping for ...a3.} 44. Nc4 Kf8 45. Ke2 Ke7 46. Kd2 Ke6 47. Kc3 Nd5+ 48. Bxd5+ Kxd5 {[%mdl 4096] Endgame KN-K3P} 49. Kb4 a3 50. Nxa3 {KN-KPP} Kc6 51. Nc4 g5 52. Ne3 h5 53. Kc4 Kc7 54. Kd5 Kd7 55. c6+ {[%cal Bc5c6,Bc6c7][%mdl 32]} Kc7 56. Kc5 {White threatens Nd5+ and mate.} Kc8 57. Kd6 {Intending c7 and mate.} Kd8 58. c7+ {White mates.} Kc8 59. Kc6 h4 60. Nd5 {[%cal Rd5e7]} h3 61. Ne7# {Weighted Error Value: White=0.66/Black=0.75} 1-0

[Event "129th New Zealand Championship 2022"]
[Site "Christchurch"]
[Date "2022.01.06"]
[Round "5.11"]
[White "Lee, Edward S"]
[Black "Ha, Huy Minh (Timothy)"]
[Result "1-0"]
[WhiteElo "1974"]
[BlackElo "1637"]
[Annotator "TA"]
[PlyCount "91"]
[EventDate "2022.01.02"]
[EventType "swiss"]
[EventCountry "NZL"]

{[%evp 9,91,-5,-10,-15,17,-21,0,-5,-3,-15,56,70,71,57,63,14,60,31,119,89,153,74,138,122,164,151,148,133,141,96,192,60,180,180,182,187,205,211,213,183,266,260,374,299,442,311,393,410,573,406,643,632,608,516,503,504,502,486,599,589,776,770,849,848,915,879,851,858,995,949,1110,1075,1008,897,867,860,992,997,1466,868,7158,9857,29990,1012]} 1. b3 d5 2. Bb2 Bf5 3. f4 Nc6 4. Nf3 e6 5. e3 a6 6. Be2 {A01: Nimzowitsch-Larsen Opening.} h6 7. a3 Nf6 8. O-O {[#] The position is equal.} Rg8 $146 ({Predecessor:} 8... Bc5 9. d4 Bd6 10. Ne5 Na7 11. Nd2 Ne4 12. Nxe4 Bxe4 13. c4 c6 14. c5 Bxe5 15. fxe5 {0-1 (56) Heymann,W (1760)-Jess,G (1693) Hofheim 2018}) 9. Nh4 Ne4 (9... Bh7 $11) 10. Nxf5 $14 exf5 11. d3 Nf6 12. Qe1 (12. c4 $14 {is more appropriate.}) 12... Bc5 (12... Qe7 $11) 13. Bf3 (13. d4 $5 {[%cal Rd4c5]} Ba7 14. Nd2 $14) 13... Ne7 (13... Ba7 $14) 14. b4 Bb6 (14... Ba7 $142) 15. Nd2 ({White should play} 15. c4) 15... c6 (15... Ng4 $142) 16. c4 $36 {[%cal Bc2c4,Bc4c5][%mdl 2080] White is really pushing.} Qd7 (16... dxc4 $16 {keeps fighting.} 17. Nxc4 Ba7) 17. Bxf6 gxf6 18. c5 Bc7 {[#]} 19. Nb3 (19. d4 $142 $1) 19... Ng6 (19... d4 $16) 20. Qg3 ({White should try} 20. Nd4 $18) 20... Kf8 (20... O-O-O $14) 21. Qh3 $18 Rh8 22. Nd4 Ne7 23. Qh4 Ng6 24. Qxf6 Bd8 (24... Qe7 $142 25. Qxe7+ Nxe7) 25. Qxf5 Qe7 (25... Qxf5 $142 26. Nxf5 Nh4) 26. Rae1 Nh4 (26... h5 $142 27. e4 (27. Bxh5 Nh4 $16) 27... Qf6 28. Qxf6 (28. exd5 Qxd4+ 29. Kh1 Bf6 $14) 28... Bxf6) 27. Qe5 Qxe5 28. fxe5 {[#] And now Bh5 would win.} Ng6 29. e6 Ne5 (29... h5 $142 30. Bd1 f6) 30. exf7 Kxf7 31. Bxd5+ Ke7 32. Nf5+ {[%cal Bd4f5,Bf5d6,Bd6c4][%mdl 32]} Kd7 33. Bb3 Bf6 34. d4 Nd3 35. Rd1 Nxb4 36. axb4 {[%cal Ba3b4,Bb4a5][%mdl 32]} a5 37. Nd6 Rhf8 38. Nc4 Kc7 39. bxa5 Rae8 40. Rf3 {Threatens to win with Rdf1.} Bg5 41. Rxf8 Rxf8 42. Rf1 Re8 43. Rf7+ Kb8 44. Kf2 {Nd6 is the strong threat.} Bd8 45. Nd6 Rg8 46. Rxb7+ {Weighted Error Value: White=0.33/Black=0.61} 1-0

[Event "129th New Zealand Championship 2022"]
[Site "Christchurch"]
[Date "2022.01.07"]
[Round "6.1"]
[White "Croad, Nicolas"]
[Black "Gong, Daniel Hanwen"]
[Result "0-1"]
[WhiteElo "2289"]
[BlackElo "2269"]
[Annotator "TA"]
[PlyCount "202"]
[EventDate "2022.01.02"]
[EventType "swiss"]
[EventCountry "NZL"]
[SourceTitle "playchess.com"]
[Source "ChessBase"]
[SourceQuality "1"]

{[%evp 18,202,0,0,0,0,0,0,0,-35,-31,-64,-37,-145,-145,-158,-139,-222,-75,-86,-81,-87,-83,-86,-89,-86,-91,-78,-87,-89,-98,-80,-59,-59,-56,-58,-29,-129,-129,-143,-141,-141,-108,-108,-75,-73,-50,-50,-56,-50,-37,-112,-101,-101,-101,-103,-98,-112,-46,-133,-74,-74,-74,-74,-74,-74,-14,-66,-65,-100,-93,-96,-74,-74,-74,-74,-72,-74,-74,-74,-74,-74,-72,-72,-72,-74,-68,-68,-68,-68,-68,-72,-72,-72,-68,-68,-68,-72,-72,-72,-72,-72,-72,-72,-68,-72,0,-72,-68,-68,-68,-68,-68,-68,-60,-65,-38,-41,-26,-368,-361,-361,-296,-361,-335,-5700,-5022,-29952,-29958,-29959,-29959,-29965,-29964,-29966,-29968,-29967,-29968,-29970,-29971,-29971,-29972,-29972,-29972,-29972,-29973,-29973,-29973,-29974,-29975,-29976,-29978,-29976,-29977,-29980,-29977,-29981,-29981,-29979,-29978,-29977,-29979,-29978,-29979,-29987,-29988,-29988,-29989,-29992,-29993,-29993,-29991,-29991,-29992,-29992,-29993,-29994,-29994,-29996,-29996,-29996,-29993,-29993,-29994,-29994,-29994,-29994,-29995]} 1. d4 Nf6 2. c4 e6 3. Nc3 Bb4 4. Qc2 O-O 5. a3 Bxc3+ 6. Qxc3 b6 7. Bg5 Bb7 8. f3 h6 9. Bh4 d5 10. e3 c5 {E32: Nimzo-Indian: Classical (4 Qc2): 4...0-0.} 11. dxc5 Nbd7 {[%cal Bb8d7,Bd7c5,Bc5a4][%mdl 32]} 12. cxd5 g5 {The position is equal.} 13. Bf2 Nxd5 {[#]} 14. Qd2 $146 ({Predecessor:} 14. Qc2 Nxc5 15. e4 Nf4 16. Rd1 Qf6 17. g3 Ng6 18. Bd4 e5 19. Bxc5 Rfc8 20. Bd3 bxc5 {½-½ (31) Semcesen,D (2457)-Aczel,G (2506) Copenhagen 2016}) 14... Nxc5 15. Bc4 {To avoid Nb3} ({Better is} 15. Rd1 $1 $15) 15... b5 $1 $36 {[%mdl 2048] Black has strong initiative.} 16. Ba2 Nb6 $1 {Black is more active. Pair of Knights!} 17. Rd1 (17. Qd4 $17 Nd3+ 18. Kf1) 17... Qf6 (17... Qxd2+ $19 18. Rxd2 Rfd8 19. Rxd8+ Rxd8) 18. Qd4 Qxd4 19. exd4 Nca4 20. Rd2 Rac8 {aiming for ...Rc1+.} 21. Ne2 {Inhibits Rc1+.} Bd5 22. Bxd5 Nxd5 23. O-O Rc6 24. Rc1 Rxc1+ 25. Nxc1 Rc8 26. Nb3 Ndb6 27. Nc5 (27. d5 $1 $11 {remains equal.}) 27... Nc4 {[%csl LRb2,LRd2]} 28. Rd1 Naxb2 29. Rb1 a6 30. h4 gxh4 {[%cal Oh4h3]} 31. Nxa6 Ra8 (31... h3 $5 32. Nc5 hxg2 33. Kxg2 Kg7 $17) 32. Nc7 Rxa3 {Threatens to win with ...b4.} 33. Nxb5 Rb3 34. Na7 (34. Nc7 $15) 34... h3 35. Nc6 {[%cal Od4d5]} hxg2 36. Kxg2 {[%cal Od4d5]} Nd2 {[%csl LRb1,LRf3]} 37. Rh1 {[%cal Od4d5]} Rxf3 ({And not} 37... Nxf3 38. d5 $15) ({Black should try} 37... Kh7 $1 $17 38. Rh4 Nxf3) 38. Be1 {[#]} ({White should play} 38. d5 $15) 38... Nd3 $1 39. Bxd2 ({But not} 39. Ne7+ $2 Kf8 40. Bxd2 Rf2+ 41. Kg3 Rxd2 $19) 39... Rf2+ 40. Kg3 Rxd2 41. Rxh6 {[%cal Od4d5][%mdl 4096] Endgame KRN-KRN} Ne1 (41... Kg7 $17 42. Rh1 Rc2) 42. Rh1 (42. d5 $1 $11) 42... Nc2 $15 43. Rh4 Ne3 {Hoping for ...Nf5+.} 44. Re4 Nd5 45. Kf3 Rd3+ 46. Kf2 Rc3 47. Ne5 Kf8 48. Rh4 Kg7 49. Ke2 f6 50. Nd3 Kg6 51. Kd2 Ra3 52. Nc5 Kf5 53. Rh5+ Kg4 $1 54. Rh8 Ra2+ 55. Kd3 Nf4+ 56. Kc3 Kf5 57. Rf8 Ra1 58. Re8 Re1 59. Kd2 Re2+ 60. Kc3 Kg4 61. Kc4 Kf5 62. Kc3 $1 Kg6 63. Rg8+ Kf7 64. Rh8 f5 65. Ra8 Nd5+ 66. Kd3 Re3+ 67. Kd2 f4 68. Ra7+ $2 {[%mdl 8192] Loses the game.} (68. Ra1 $11 {and White is okay.}) 68... Kg6 {And now ...f3 would win.} 69. Ra8 Nf6 70. Ra6 Kf5 {...Ne4+ is the strong threat.} 71. Ra8 $2 (71. Nd3 Ne4+ 72. Kc2 Re2+ 73. Kb3) 71... Ne4+ $19 72. Kd1 Nxc5 {Black mates.} 73. dxc5 {KR-KR} Ke5 74. c6 Kd6 75. Rf8 Re4 76. Rc8 Rc4 77. Ke2 Rxc6 78. Rf8 Ke5 79. Ra8 Rc4 80. Kf3 Rc3+ 81. Ke2 Kd4 82. Ra4+ Rc4 83. Ra6 e5 84. Kf3 Rc3+ 85. Kg4 Ke3 86. Rh6 e4 87. Rh1 Rc2 88. Re1+ Re2 89. Ra1 f3 {[%cal Bf4f3,Bf3f2][%mdl 32]} 90. Kg3 Rg2+ 91. Kh3 Rg8 92. Kh2 f2 93. Ra3+ Kf4 94. Ra7 Kf3 95. Rf7+ Ke2 96. Rf4 e3 97. Re4 Kf3 98. Rh4 e2 99. Rh3+ Kf4 100. Rh4+ Rg4 101. Rh8 e1=Q {Weighted Error Value: White=0.17 (very precise) /Black=0.11 (very precise)} 0-1